000 00736nam a2200193Ia 4500
008 151119s9999||||xx |||||||||||||| ||und||
082 _a891.461रामदा/स्वरूप
082 _bGKKV32127
100 _a"रामदासी, मारुतीबुवा"
245 _aस्वरूप संप्रदाय
260 _aसातारा
260 _bश्रीधर कुटी ट्रस्ट
260 _c1998
600 _a"रामदासी, मारुतीबुवा"
630 _aस्वरूप संप्रदाय
700 _a"रामदासी, मारुतीबुवा"
730 _aस्वरूप संप्रदाय
942 _cBOOK
999 _c1084433
_d1084430